Five Biggest Islands by Country - Statistics

General Stats
  • This quiz has been taken 79 times
  • The average score is 22 of 40
Answer Stats
Country City % Correct
Greece Crete
96%
Indonesia Java
96%
Italy Sicily
94%
Italy Sardinia
90%
Japan Honshu
89%
Indonesia Borneo
87%
United States Hawaii
87%
Philippines Luzon
86%
Spain Mallorca
86%
Indonesia Sumatra
86%
Canada Baffin
85%
Japan Hokkaido
85%
Indonesia Sulawesi
80%
Greece Rhodes
77%
Philippines Mindanao
68%
Spain Tenerife
68%
United States Puerto Rico
65%
Canada Ellesmere
63%
Greece Lesbos
63%
Canada Victoria
63%
Canada Newfoundland
62%
Japan Kyushu
61%
Spain Gran Canaria
59%
Japan Okinawa
54%
Indonesia New Guinea
52%
Japan Shikoku
49%
Canada Banks
39%
United States Kodiak
32%
Italy Elba
31%
Spain Lanzarote
31%
Greece Euboea
30%
Spain Fuerteventura
25%
Philippines Palawan
25%
Philippines Negros
17%
Greece Chios
13%
Philippines Samar
10%
United States Prince of Wales
8%
United States Chichagof
6%
Italy Pantelleria
3%
Italy Sant'Antioco
1%
No matching quizzes found
Score Distribution
Percent of People with Each Score
Percentile by Number Answered
Your Score History
You have not taken this quiz